Statistiques concernant Noms papaux les plus courants

Cliquez ici pour prendre le quiz!

Statistiques générales

  • Ce quiz a été pris 92 fois
  • Le résultat moyen est 8 sur 16

Statistiques - réponses

pape% Correct
Jean (23)
98%
Pie (12)
94%
Paul (6)
90%
Benoît (16)
83%
Clément (14)
51%
Urbain (8)
51%
Alexandre (7)
50%
Grégoire (16)
48%
Léon (13)
48%
Innocent (13)
44%
Boniface (8)
27%
Sixte (5)
21%
Adrien (6)
20%
Étienne (9)
15%
Nicolas (5)
14%
Célestin (5)
10%

Distribution des résultats

Percentile par nombre de réponses

% des personnes avec chaque résultat

Votre développement - résultats

Vous n’avez pas pris ce quiz